Normal view
MARC view
Entry Personal Name
001 - CONTROL NUMBER
- control field: 52084
003 - CONTROL NUMBER IDENTIFIER
- control field: dpl
005 - DATE AND TIME OF LATEST TRANSACTION
- control field: 20120906145612.0
008 - FIXED-LENGTH DATA ELEMENTS
- fixed length control field: 120906|||a|||||| | ||| d
040 ## - CATALOGING SOURCE
- Original cataloging agency: dpl
- Transcribing agency: dpl
100 ## - HEADING--PERSONAL NAME
- Personal name: Ghosh, Avijit
670 ## - SOURCE DATA FOUND
- Source citation: Work cat.: (dpl)69366: Ghosh, Avijit, Bandicoots in the moonlight/, 2008
670 ## - SOURCE DATA FOUND
- Source citation: Work cat.: (dpl)69366: Ghosh, Avijit, Bandicoots in the moonlight/, 2008
